000 01295 a2200169 4500
003 Nust
005 20221202115606.0
040 _cNust
082 _a621.38153,EIS
100 _aPaul Eisler
_9104004
245 _aThe Technology of Printed Circuits :
_bThe foil Technique in electronic production /
_cPaul Eisler
260 _alondon
_bHeywood
_c1959
300 _a405p;
505 _aThe Basic Story of Printed Circuits (Page-1), The Confused Start of a New Technology (Page-7), The Principles of Method Selection and the Foil Tech (Page-28), Watching Printed Circuits Production (Page-42), Form the Drawing to the Photo-Stencil (Page-72), Litho Printing (Page-90), Photomechanical Printing Processes (Page-96), Plating and the Foil Tech (Page-111), Ancillary Operations (Page-132), Laboratory Routine (Page-146), Design (Page-159), Conventional Components for Assembly (Page-185), Printed Circuits Trouble Shooting (Page-192), Automatic Assembly in the Electronic (Page-205), Regeneration of Ferric Chloride (Page-223), Weight Saving and Heat Dissipation (Page-232), Miniaturization (Page-242), Oriented Components (Page-253), Microwave Printed Circuits (Page-281), Printed Circuits and The Electronics Industry (Page-303).
650 _aTelecommunication Engineering
942 _2ddc
_cBK
999 _c193556
_d193556